| 000 | 00895cam a22002895a 4500 | ||
|---|---|---|---|
| 001 | 015985859 | ||
| 003 | EG-ScBUE | ||
| 005 | 20220331140207.0 | ||
| 008 | 111116s2012 enka f 000 1 eng d | ||
| 020 | _a9780141199351 (pbk.) | ||
| 020 | _a0141199350 (pbk.) | ||
| 040 |
_aStDuBDS _beng _erda _cStDuBDS _dUk _dEG-ScBUE |
||
| 082 | 0 | 4 |
_222 _a823.8 _bBRO |
| 100 | 1 |
_aBrontë, Anne, _d1820-1849, _eauthor. _940155 |
|
| 245 | 1 | 4 |
_aThe tenant of Wildfell Hall / _cAnne Brontë. |
| 264 | 1 |
_aLondon : _bPenguin Books, _c2012. |
|
| 300 |
_axii, 536 pages : _billustrations ; _c20 cm. |
||
| 336 |
_2rdacontent _atext _btxt |
||
| 337 |
_2rdamedia _aunmediated _bn |
||
| 338 |
_2rdacarrier _avolume _bnc |
||
| 490 | 0 | _aPenguin English library | |
| 650 | 7 |
_aSeparated women _vFiction. _2BUEsh _940156 |
|
| 651 | _2BUEsh | ||
| 653 |
_cJune2016 _bHHUUEENN |
||
| 655 |
_vReading book _934232 |
||
| 942 |
_2ddc _cBB |
||
| 999 |
_c21870 _d21842 |
||